000 01036cab a22002535a 4500
001 L145945
008 081125e20081122xxka f g 000 0 eng d
035 _a(Sirsi) u145945
041 0 _aeng
100 1 _aLloyd Holt, Suzanne
245 0 0 _aGetting to grips with the new
260 _c2008
490 _aEstates Gazette
_v(0846) 22 November 2008, 106-108(3)
520 _aArticle offers guidance on matters for consideration when a landlord opts to take on a Limited Liability Partnership (LLP) as a tenant. Addresses insolvent LLPs, possible transaction issues and matters to be allowed for when drafting leases (particularly forfeiture and alienation).
590 _aKA
650 2 4 _aINSOLVENCY ACT 1986
650 2 4 _aLANDLORD AND TENANT ACT 1927
650 2 4 _aLANDLORD AND TENANT ACT 1988
650 2 4 _aLANDLORD AND TENANT (COVENANTS) ACT 1995
650 2 4 _aLIMITED LIABILITY PARTNERSHIPS ACT 2000
651 4 _aUnited Kingdom
_y
690 _aPROPERTY-COMMERCIAL PROPERTY-COMMERCIAL LANDLORD AND TENANT
942 _n0
999 _c80987
_d80987